00670 2200205 4500001002100000005001700021008004100038035002400079082001100103090002300114090002700137110003500164245009900199260005500298300003100353650002600384850001200410999002100422999002100443YOGYA-0209000004228920090227025843.0 ind  0010-020900000042289 a630.21 a630.21bKan IlYOG a630.959823bYog IlYOG aKANTOR STATISTIK. (Yogyakarta) aIndikator pertanian Propinsi Daerah Istimewa Yogyakarta 1995 /cKANTOR STATISTIK. (Yogyakarta) aYogyakartabKantor Statistik Prop. DIYc1995, 1996 aii, 51 lembarbilusc28 cm aPertanian - Statistik aYOPDYOG a23332-PD/A.07b1 a20735-PD/A.06b1